[Event "Split op"]
[Site "Split CRO"]
[Date "2023.08.09"]
[Round "6.24"]
[White "Dimey Gabert, Quentin"]
[Black "Ivanov, Mike"]
[Result "0-1"]
[WhiteElo "1696"]
[BlackElo "2349"]
[WhiteFideId "-1"]
[WhiteFideId "-1"]
[PlyCount "72"]
[GameId "2130307556262043"]
[EventDate "2023.08.05"]
[EventType "swiss"]
[EventRounds "9"]
[EventCountry "CRO"]
[SourceTitle "10 Days #732"]
[Source "ChessMix"]
[SourceDate "2023.08.20"]
[SourceVersion "1"]
[SourceVersionDate "2023.08.20"]
[SourceQuality "1"]

1. d4 Nf6 2. Nf3 g6 3. Bg5 Bg7 4. Nbd2 h6 5. Bh4 d6 6. e3 O-O 7. Bc4 b6 8. O-O Bb7 9. c3 c5 10. Qc2 d5 11. Be2 Nc6 12. Rfb1 Rc8 13. Qd1 Ne4 14. Nxe4 dxe4 15. Nd2 cxd4 16. cxd4 Qd7 17. Nc4 Nb4 18. Qb3 Nd3 19. Nd2 e5 20. Bxd3 exd3 21. Qxd3 exd4 22. e4 Qa4 23. Be7 Rfe8 24. b3 Qa6 25. Qxa6 Bxa6 26. Ba3 Rc2 27. Rb2 Rec8 28. f4 Rxb2 29. Bxb2 Rc2 30. Bc1 d3 31. e5 Bb7 32. Rb1 Bf8 33. Kf1 Bb4 34. Ke1 Bxg2 35. a3 Bc3 36. b4 Bd5 0-1

[Event "Split op"]
[Site "Split CRO"]
[Date "2023.08.11"]
[Round "7.13"]
[White "Ivanov, Mike"]
[Black "Hess, Olena"]
[Result "1-0"]
[WhiteElo "2349"]
[BlackElo "2081"]
[WhiteFideId "-1"]
[WhiteFideId "-1"]
[PlyCount "60"]
[GameId "2130307556262057"]
[EventDate "2023.08.05"]
[EventType "swiss"]
[EventRounds "9"]
[EventCountry "CRO"]
[SourceTitle "10 Days #732"]
[Source "ChessMix"]
[SourceDate "2023.08.20"]
[SourceVersion "1"]
[SourceVersionDate "2023.08.20"]
[SourceQuality "1"]

1. e4 d6 2. d4 Nf6 3. Nc3 e5 4. Nf3 Nbd7 5. Be2 Be7 6. g4 g6 7. g5 Nh5 8. Be3 c6 9. a4 O-O 10. Qd2 Qa5 11. h4 b5 12. b4 Qd8 13. axb5 cxb5 14. Bxb5 exd4 15. Nxd4 Bb7 16. Bc6 Qc8 17. Nd5 Bd8 18. b5 Ne5 19. Qc3 a6 20. Bxb7 Qxb7 21. b6 f5 22. Qb3 Kh8 23. f4 Ng4 24. Bd2 Re8 25. O-O-O Rxe4 26. Bc3 Ng7 27. h5 Qf7 28. hxg6 Qxg6 29. b7 Rb8 30. Nc6 Nf2 1-0

[Event "Split op"]
[Site "Split CRO"]
[Date "2023.08.12"]
[Round "8.11"]
[White "Konjevic, Nikola"]
[Black "Ivanov, Mike"]
[Result "0-1"]
[WhiteElo "1973"]
[BlackElo "2349"]
[WhiteFideId "-1"]
[WhiteFideId "-1"]
[PlyCount "152"]
[GameId "2130307556262080"]
[EventDate "2023.08.05"]
[EventType "swiss"]
[EventRounds "9"]
[EventCountry "CRO"]
[SourceTitle "10 Days #732"]
[Source "ChessMix"]
[SourceDate "2023.08.20"]
[SourceVersion "1"]
[SourceVersionDate "2023.08.20"]
[SourceQuality "1"]

1. e4 e6 2. d4 d5 3. Nc3 Nf6 4. Bg5 Be7 5. e5 Nfd7 6. h4 h6 7. Bxe7 Qxe7 8. Qg4 O-O 9. Nf3 c5 10. dxc5 Nc6 11. Qg3 Nxc5 12. O-O-O Bd7 13. Nd4 f6 14. f4 fxe5 15. fxe5 Rac8 16. Be2 Nxd4 17. Rxd4 b5 18. Kb1 Rb8 19. Bf3 Na4 20. Ne2 Qc5 21. Rg4 Rf7 22. Nf4 Rc8 23. Rc1 Qb4 24. Nd3 Qe7 25. Rg6 Kh8 26. Bh5 Rf5 27. Bg4 Rff8 28. Be2 Be8 29. Rg4 Rc4 30. Qe3 Bh5 31. Rxc4 bxc4 32. Bxh5 cxd3 33. Qxd3 Qxh4 34. Bf3 Rb8 35. b3 Qf4 36. c3 Qxe5 37. Qd4 Qf5+ 38. Ka1 Nb6 39. Re1 Re8 40. Qe5 Qxe5 41. Rxe5 Nd7 42. Re1 Nf6 43. c4 dxc4 44. bxc4 e5 45. Bb7 Re7 46. Bd5 e4 47. Kb2 Nxd5 48. cxd5 Rd7 49. Rxe4 Rxd5 50. Kc3 Kh7 51. Ra4 Rg5 52. g4 a6 53. Kd3 Rg6 54. Ke3 Rf6 55. Ra5 Kg6 56. Ke4 Kf7 57. Ke3 Ke7 58. Ke4 Kd7 59. Ke3 Kc7 60. a4 Kb6 61. Re5 g5 62. a5+ Kc6 63. Ke4 Rf4+ 64. Ke3 Rxg4 65. Re6+ Kb5 66. Rxh6 Kxa5 67. Kd3 Kb5 68. Rg6 a5 69. Rg8 a4 70. Kc3 Kc5 71. Rd8 Rg3+ 72. Kc2 a3 73. Rc8+ Kd4 74. Ra8 Ke4 75. Ra4+ Kf5 76. Kd1 a2 0-1

[Event "Split op"]
[Site "Split CRO"]
[Date "2023.08.13"]
[Round "9.7"]
[White "Ivanov, Mike"]
[Black "Licznerski, Lukasz"]
[Result "1-0"]
[WhiteElo "2349"]
[BlackElo "2419"]
[WhiteFideId "-1"]
[WhiteFideId "-1"]
[PlyCount "87"]
[GameId "2130307556266197"]
[EventDate "2023.08.05"]
[EventType "swiss"]
[EventRounds "9"]
[EventCountry "CRO"]
[SourceTitle "10 Days #732"]
[Source "ChessMix"]
[SourceDate "2023.08.20"]
[SourceVersion "1"]
[SourceVersionDate "2023.08.20"]
[SourceQuality "1"]

1. e4 c5 2. Nf3 d6 3. d4 cxd4 4. Qxd4 Nf6 5. Nc3 Nc6 6. Qd3 g6 7. Nd5 Bg7 8. c3 O-O 9. Bg5 Nxd5 10. exd5 Ne5 11. Nxe5 dxe5 12. Qd2 f6 13. Be3 Qd6 14. c4 e6 15. Be2 exd5 16. cxd5 b6 17. O-O Bb7 18. Rfd1 Rfd8 19. Bc4 Bf8 20. a4 Rac8 21. Bb3 Qb4 22. Qd3 Bc5 23. h3 Bxe3 24. Qxe3 Rc5 25. Rac1 Rd6 26. Rd3 Kg7 27. Ba2 Rd7 28. Bb3 g5 29. Rdd1 Kf8 30. Qd3 Kg7 31. Qf5 Rd6 32. Rxc5 Qxc5 33. Bc2 Bxd5 34. Qxh7+ Kf8 35. Bg6 Qc6 36. Qh8+ Ke7 37. Qg7+ Kd8 38. Bf5 Qe8 39. Qxa7 Qc6 40. Qg7 Qe8 41. f3 Qe7 42. Qh8+ Qe8 43. Qxe8+ Kxe8 44. Be4 1-0

[Event "Transnational op"]
[Site "Montreal CAN"]
[Date "2023.06.10"]
[Round "7"]
[White "Ivanov, Mike"]
[Black "Hernandez Moya, Yuleisis"]
[Result "1/2-1/2"]
[WhiteElo "2366"]
[BlackElo "2202"]
[WhiteFideId "-1"]
[WhiteFideId "-1"]
[PlyCount "123"]
[GameId "2160767907141419"]
[EventDate "2023.06.09"]
[EventType "swiss"]
[EventRounds "5"]
[EventCountry "CAN"]
[SourceTitle "CBM 214 Extra"]
[Source "ChessBase"]
[SourceDate "2023.07.31"]
[SourceVersion "1"]
[SourceVersionDate "2023.07.31"]
[SourceQuality "1"]

1. e4 e6 2. d4 d5 3. e5 c5 4. c3 Nc6 5. Nf3 Bd7 6. Bd3 cxd4 7. cxd4 Qb6 8. O-O Nb4 9. Be2 Bb5 10. Bxb5+ Qxb5 11. a3 Nc6 12. Nc3 Qb6 13. b4 a6 14. Rb1 Na7 15. Na4 Qc7 16. Be3 Ne7 17. Nc5 Nec8 18. Qa4+ Nb5 19. Rfc1 Nb6 20. Qb3 Nc4 21. a4 Nba3 22. Ra1 Bxc5 23. bxc5 Nxe3 24. fxe3 Nc4 25. Rab1 Rb8 26. Qd3 h6 27. e4 O-O 28. exd5 exd5 29. Nd2 Nxd2 30. Qxd2 Qd7 31. Rb6 Qxa4 32. Rf1 Rfe8 33. Qf4 Re7 34. c6 Qa5 35. Rfb1 Re6 36. Rxb7 Rf8 37. Rf1 Rxc6 38. Rxf7 Rxf7 39. Qxf7+ Kh7 40. e6 Qd2 41. Qf5+ Kg8 42. Qe5 Rc2 43. Qxd5 Qe3+ 44. Kh1 Rf2 45. Rb1 Rb2 46. Rf1 Rf2 47. Rg1 Re2 48. e7+ Kh8 49. h3 Qxe7 50. Qa8+ Kh7 51. Qxa6 Qe4 52. d5 Rd2 53. Qe6 Qxd5 54. Qxd5 Rxd5 55. Ra1 Rd2 56. Ra6 Rb2 57. Kh2 h5 58. Kg3 g6 59. Re6 Kh6 60. Kf3 Kg5 61. Re5+ Kf6 62. Ra5 1/2-1/2

[Event "Transnational op"]
[Site "Montreal CAN"]
[Date "2023.06.11"]
[Round "8.25"]
[White "Ivanov, Mike"]
[Black "Nunez-Painchaud, Raphael"]
[Result "1-0"]
[WhiteElo "2366"]
[BlackElo "2098"]
[WhiteFideId "-1"]
[WhiteFideId "-1"]
[PlyCount "43"]
[GameId "2160767907141429"]
[EventDate "2023.06.09"]
[EventType "swiss"]
[EventRounds "5"]
[EventCountry "CAN"]
[SourceTitle "CBM 214 Extra"]
[Source "ChessBase"]
[SourceDate "2023.07.31"]
[SourceVersion "1"]
[SourceVersionDate "2023.07.31"]
[SourceQuality "1"]

1. e4 c5 2. Ne2 d6 3. g3 g6 4. Bg2 Bg7 5. c3 h5 6. h3 Nf6 7. d4 cxd4 8. cxd4 Nc6 9. Nbc3 Nd7 10. d5 Na5 11. O-O Nc4 12. b3 Ncb6 13. Be3 O-O 14. f4 f5 15. a4 a5 16. Rc1 Ra6 17. exf5 gxf5 18. Nd4 Nf6 19. Qd3 Nh7 20. Ncb5 Nd7 21. Ne6 Nc5 22. Nxd8 1-0

[Event "Transnational Crown"]
[Site "Montreal CAN"]
[Date "2023.06.09"]
[Round "4.23"]
[White "Kantane, Anna"]
[Black "Ivanov, Mike"]
[Result "1/2-1/2"]
[WhiteElo "2260"]
[BlackElo "2366"]
[WhiteFideId "-1"]
[WhiteFideId "-1"]
[PlyCount "147"]
[GameId "2160767907190675"]
[EventDate "2023.06.06"]
[EventType "swiss"]
[EventRounds "9"]
[EventCountry "CAN"]

1. e4 e6 2. d4 d5 3. Nd2 c5 4. Ngf3 Nc6 5. exd5 exd5 6. Bb5 cxd4 7. O-O Bd6 8. Nb3 Nge7 9. Nbxd4 O-O 10. h3 h6 11. c3 Bc7 12. Bd3 Nxd4 13. Nxd4 Qd6 14. f4 Bd7 15. Qf3 Rad8 16. Bd2 Nc6 17. Be3 Bb6 18. Nb5 Bxe3+ 19. Qxe3 Qf6 20. Rae1 d4 21. Nxd4 Nxd4 22. Qxd4 Qxd4+ 23. cxd4 Be6 24. a3 Rxd4 25. Be4 b6 26. Bb7 Rb8 27. Be4 Rbd8 28. Rf2 Kf8 29. Re3 Rc8 30. f5 Bc4 31. Bf3 Bd3 32. Kh2 Bb5 33. g4 f6 34. Kg3 a5 35. Bb7 Rc7 36. Bg2 Ba6 37. Re6 Rd3+ 38. Rf3 Rd2 39. Rxb6 Bb7 40. Rf2 Rxf2 41. Bxb7 Rd2 42. Ba6 Rcc2 43. b3 Rc3+ 44. Kh4 Rh2 45. Rb8+ Ke7 46. Rb7+ Kd6 47. Kh5 Rhxh3+ 48. Kg6 Rxb3 49. Rxg7 Rb6 50. Bc8 Rc3 51. Be6 Ke5 52. a4 Rb4 53. Rd7 Rxg4+ 54. Kf7 h5 55. Rd5+ Kf4 56. Kxf6 h4 57. Ke7 Rg7+ 58. Kf8 Rh7 59. f6 h3 60. Bxh3 Rcxh3 61. f7 R3h5 62. Rd7 Rh8+ 63. Kg7 R5h7+ 64. Kg6 Rh2 65. Kg7 R2h7+ 66. Kf6 Ke3 67. Rd5 Rh4 68. Rxa5 R4h6+ 69. Kg7 R8h7+ 70. Kg8 Rh8+ 71. Kg7 R6h7+ 72. Kg6 Ke4 73. f8=Q Rxf8 74. Kxh7 1/2-1/2

[Event "Transnational Crown"]
[Site "Montreal CAN"]
[Date "2023.06.09"]
[Round "5.25"]
[White "Ivanov, Mike"]
[Black "Xu, Daniel"]
[Result "0-1"]
[WhiteElo "2366"]
[BlackElo "2276"]
[WhiteFideId "-1"]
[WhiteFideId "-1"]
[PlyCount "136"]
[GameId "2160767907190697"]
[EventDate "2023.06.06"]
[EventType "swiss"]
[EventRounds "9"]
[EventCountry "CAN"]

1. e4 c5 2. Nf3 d6 3. d4 cxd4 4. Qxd4 a6 5. h3 Nc6 6. Qe3 g6 7. Be2 Bg7 8. O-O Nf6 9. Rd1 O-O 10. c4 Nd7 11. Nc3 Nc5 12. Rb1 a5 13. b3 f5 14. Bb2 fxe4 15. Ng5 Bh6 16. h4 Bf5 17. g4 Bd7 18. Ncxe4 Nxe4 19. Qxe4 Bxg5 20. hxg5 Qb6 21. c5 Qxc5 22. Bc4+ e6 23. Bxe6+ Bxe6 24. Qxe6+ Rf7 25. Bf6 Ne5 26. Qxd6 Qxd6 27. Rxd6 Nxg4 28. Bd4 Raf8 29. Rf1 Rf5 30. f3 Rxg5 31. f4 Ne3+ 32. fxg5 Rxf1+ 33. Kh2 Rd1 34. Rd8+ Kf7 35. Bb6 Rxd8 36. Bxd8 a4 37. Kg3 Ke6 38. Kf4 Nd5+ 39. Ke4 axb3 40. axb3 Ne7 41. Ba5 Nf5 42. Bd2 Nd6+ 43. Kd4 Kf5 44. b4 Ne4 45. Be1 Nxg5 46. Kc5 Nf3 47. Bg3 Ke6 48. Kb6 Kd5 49. Kxb7 Kc4 50. Kc6 Kxb4 51. Kd5 g5 52. Bd6+ Kc3 53. Ke4 g4 54. Kf5 h5 55. Kg6 h4 56. Kf5 g3 57. Ke4 g2 58. Bc5 g1=Q 59. Bxg1 Nxg1 60. Kf4 Kd2 61. Kg4 h3 62. Kg3 Ke1 63. Kh2 Kf2 64. Kh1 Ne2 65. Kh2 Nf4 66. Kh1 Kg3 67. Kg1 Nd3 68. Kh1 Nf2+ 0-1

[Event "Transnational Crown"]
[Site "Montreal CAN"]
[Date "2023.06.10"]
[Round "6.26"]
[White "Ouellet, Maili-Jade"]
[Black "Ivanov, Mike"]
[Result "1/2-1/2"]
[WhiteElo "2243"]
[BlackElo "2366"]
[WhiteFideId "-1"]
[WhiteFideId "-1"]
[PlyCount "126"]
[GameId "2160767907190719"]
[EventDate "2023.06.06"]
[EventType "swiss"]
[EventRounds "9"]
[EventCountry "CAN"]

1. d4 Nf6 2. c4 e6 3. Nc3 Bb4 4. e3 O-O 5. Bd3 c5 6. Nge2 cxd4 7. exd4 d5 8. cxd5 Nxd5 9. O-O Nc6 10. Nxd5 exd5 11. Be3 Bd6 12. Nf4 Bxf4 13. Bxf4 Qf6 14. Be3 Bf5 15. Rc1 Rfe8 16. Bxf5 Qxf5 17. Rc5 Rad8 18. Qb3 Rd7 19. Qc3 h5 20. b4 Re6 21. b5 Ne7 22. Rc1 Rg6 23. Rc7 Rxc7 24. Qxc7 Qf3 25. g3 Nf5 26. Qf4 Qxf4 27. Bxf4 Nxd4 28. Rc8+ Kh7 29. Be3 Nxb5 30. Rc5 d4 31. Rxh5+ Kg8 32. Rxb5 dxe3 33. fxe3 Ra6 34. Rb2 b5 35. Kf2 Ra4 36. Rxb5 Rxa2+ 37. Kf3 a5 38. h4 a4 39. Ra5 a3 40. h5 Ra1 41. Kg2 Kh7 42. Ra6 f6 43. Ra5 Kh6 44. e4 Re1 45. Rxa3 Rxe4 46. Kf3 Rb4 47. Ra5 Rc4 48. Rb5 Rc1 49. Ra5 Rg1 50. Rb5 Re1 51. Kf4 Re2 52. Ra5 Rf2+ 53. Kg4 Rf1 54. Rb5 Ra1 55. Rc5 Ra4+ 56. Kf3 Rb4 57. Ra5 Rb8 58. Kg4 Rf8 59. Rb5 Rh8 60. Ra5 Re8 61. Kf4 Rb8 62. Kg4 Rb4+ 63. Kf3 Rc4 1/2-1/2

[Event "Transnational Crown"]
[Site "Montreal CAN"]
[Date "2023.06.11"]
[Round "9.22"]
[White "Plotkin, Victor"]
[Black "Ivanov, Mike"]
[Result "0-1"]
[WhiteElo "2170"]
[BlackElo "2366"]
[WhiteFideId "-1"]
[WhiteFideId "-1"]
[PlyCount "66"]
[GameId "2160767907190774"]
[EventDate "2023.06.06"]
[EventType "swiss"]
[EventRounds "9"]
[EventCountry "CAN"]

1. e4 g6 2. d4 Bg7 3. Nc3 d6 4. Be3 Nf6 5. f3 c6 6. Qd2 b5 7. h4 h5 8. Nh3 Bxh3 9. Rxh3 Nbd7 10. Rd1 Qc7 11. Kf2 Rb8 12. Rh1 b4 13. Na4 O-O 14. b3 Rfe8 15. g3 e5 16. Kg2 d5 17. dxe5 Nxe5 18. exd5 Nxd5 19. Bf2 Rbd8 20. Qc1 f5 21. Bc4 Kh7 22. Bxd5 cxd5 23. Rde1 d4 24. Qd1 d3 25. Nc5 d2 26. Ref1 Qc6 27. Be3 Bf8 28. Na4 Ng4 29. Bg5 Bh6 30. Kh3 Bxg5 31. fxg4 hxg4+ 32. Kh2 Bf6 33. Rf2 Qxh1+ 0-1

[Event "Munich Pfingst op-A"]
[Site "Munich GER"]
[Date "2023.06.02"]
[Round "3.9"]
[White "Ivanov, Mike"]
[Black "Sorensen, Hampus"]
[Result "1/2-1/2"]
[WhiteElo "2321"]
[BlackElo "2449"]
[WhiteFideId "-1"]
[WhiteFideId "-1"]
[PlyCount "176"]
[GameId "2130307559577370"]
[EventDate "2023.05.31"]
[EventType "swiss"]
[EventRounds "9"]
[EventCountry "GER"]
[SourceTitle "The Week in Chess 1491"]
[Source "Mark Crowther"]
[SourceDate "2023.06.05"]
[SourceVersion "1"]
[SourceVersionDate "2023.06.05"]
[SourceQuality "2"]

1. e4 c5 2. Nf3 Nc6 3. Bb5 g6 4. O-O Bg7 5. Re1 e5 6. a3 Nge7 7. b4 d6 8. c3 O-O 9. d3 h6 10. Be3 b6 11. Bc4 d5 12. Ba2 d4 13. cxd4 cxd4 14. Bc1 b5 15. Nbd2 a5 16. bxa5 Nxa5 17. Rb1 Bd7 18. h4 Nb7 19. h5 g5 20. Nf1 Nc5 21. Ng3 Qc7 22. Qc2 Rfc8 23. Bd2 Qb6 24. Bb4 Nxe4 25. Qe2 Nxg3 26. fxg3 Nc6 27. Bxf7+ Kh8 28. Qe4 Ra6 29. Bd6 Qd8 30. Nxe5 Nxe5 31. Bxe5 Bxe5 32. Qxe5+ Qf6 33. Qxf6+ Rxf6 34. Bg6 Rc2 35. Be4 Rc3 36. Rec1 Ra6 37. Rf1 Kg7 38. a4 Rc5 39. axb5 Bxb5 40. Rfc1 Rxc1+ 41. Rxc1 Ra7 42. Rb1 Be8 43. Rb4 Ra4 44. Rb7+ Kf8 45. g4 Ra6 46. Kh2 Rd6 47. Kg3 Bf7 48. Ra7 Be8 49. Bf5 Bf7 50. Rc7 Bd5 51. Ra7 Bf7 52. Kf2 Be8 53. g3 Bf7 54. Ke1 Be8 55. Kd2 Bf7 56. Rc7 Be8 57. Kc2 Rc6+ 58. Rxc6 Bxc6 59. Kb3 Ke7 60. Kc4 Kd6 61. Kxd4 Bf3 62. Ke3 Bc6 63. Be4 Bd7 64. Bf5 Bc6 65. Kd2 Bf3 66. Kc3 Kc5 67. Bc8 Bg2 68. Bd7 Bf3 69. Bf5 Bb7 70. Be4 Bc8 71. d4+ Kd6 72. Bf3 Ba6 73. Kd2 Bc8 74. Ke3 Be6 75. Bd1 Bd5 76. Bc2 Be6 77. Bf5 Bd5 78. Be4 Be6 79. Bf3 Bc8 80. Kd3 Ba6+ 81. Kc3 Bf1 82. Kd2 Ba6 83. Ke3 Bc8 84. d5 Ke5 85. Kd3 Ba6+ 86. Kc3 Bf1 87. Kb4 Kd6 88. Kc3 Ke5 1/2-1/2

[Event "Munich Pfingst op-A"]
[Site "Munich GER"]
[Date "2023.06.03"]
[Round "4.13"]
[White "Peyrer, Konstantin"]
[Black "Ivanov, Mike"]
[Result "1/2-1/2"]
[WhiteElo "2405"]
[BlackElo "2321"]
[WhiteFideId "-1"]
[WhiteFideId "-1"]
[PlyCount "70"]
[GameId "2130307559577384"]
[EventDate "2023.05.31"]
[EventType "swiss"]
[EventRounds "9"]
[EventCountry "GER"]
[SourceTitle "The Week in Chess 1491"]
[Source "Mark Crowther"]
[SourceDate "2023.06.05"]
[SourceVersion "1"]
[SourceVersionDate "2023.06.05"]
[SourceQuality "2"]

1. c4 e5 2. Nc3 Nc6 3. g3 Bc5 4. Bg2 a6 5. e3 d6 6. Nge2 Ba7 7. d4 h5 8. b4 Bd7 9. b5 axb5 10. cxb5 Na5 11. Qa4 Bb6 12. O-O Nf6 13. Rd1 O-O 14. Qc2 Qc8 15. dxe5 dxe5 16. Ba3 Re8 17. Bb4 h4 18. Rac1 h3 19. Bh1 Bf5 20. Ne4 Qe6 21. N2c3 c5 22. Bxa5 Nxe4 23. Bxe4 Bxe4 24. Nxe4 Rxa5 25. Rd6 Qg4 26. Rxb6 Rxa2 27. Nf6+ gxf6 28. Qxa2 Qf3 29. Kf1 Rd8 30. Qc2 e4 31. Rxf6 Qxf6 32. Qxe4 Rd2 33. Qg4+ Kf8 34. Qc8+ Kg7 35. Qg4+ Kf8 1/2-1/2

[Event "Munich Pfingst op-A"]
[Site "Munich GER"]
[Date "2023.06.03"]
[Round "5.13"]
[White "Ivanov, Mike"]
[Black "Jinan, Jomon"]
[Result "1/2-1/2"]
[WhiteElo "2321"]
[BlackElo "2432"]
[WhiteFideId "-1"]
[WhiteFideId "-1"]
[PlyCount "53"]
[GameId "2130307559577398"]
[EventDate "2023.05.31"]
[EventType "swiss"]
[EventRounds "9"]
[EventCountry "GER"]
[SourceTitle "The Week in Chess 1491"]
[Source "Mark Crowther"]
[SourceDate "2023.06.05"]
[SourceVersion "1"]
[SourceVersionDate "2023.06.05"]
[SourceQuality "2"]

1. Nc3 e5 2. Nf3 Nc6 3. d4 exd4 4. Nxd4 Nge7 5. Bg5 h6 6. Bh4 g5 7. Bg3 Bg7 8. e3 d6 9. Qd2 Nxd4 10. exd4 Nf5 11. O-O-O O-O 12. Bd3 Nxg3 13. hxg3 c6 14. f4 gxf4 15. gxf4 d5 16. Rde1 Bd7 17. g4 Bxg4 18. Nd1 f5 19. Ne3 Qf6 20. c3 Rae8 21. Reg1 Qe6 22. Nxg4 fxg4 23. Rh4 g3 24. Rxg3 Qe1+ 25. Qxe1 Rxe1+ 26. Kd2 Re6 27. f5 1/2-1/2

[Event "Munich Pfingst op-A"]
[Site "Munich GER"]
[Date "2023.06.04"]
[Round "6.11"]
[White "Deepan Chakkravarthy, J."]
[Black "Ivanov, Mike"]
[Result "1-0"]
[WhiteElo "2435"]
[BlackElo "2321"]
[WhiteFideId "-1"]
[WhiteFideId "-1"]
[PlyCount "103"]
[GameId "2130307559577415"]
[EventDate "2023.05.31"]
[EventType "swiss"]
[EventRounds "9"]
[EventCountry "GER"]
[SourceTitle "The Week in Chess 1491"]
[Source "Mark Crowther"]
[SourceDate "2023.06.05"]
[SourceVersion "1"]
[SourceVersionDate "2023.06.05"]
[SourceQuality "2"]

1. e4 e6 2. d4 d5 3. e5 Bd7 4. c3 a6 5. Be3 Bb5 6. Nd2 Ne7 7. Ne2 Nf5 8. a4 Bd3 9. Nf3 Be4 10. Ng3 Nxg3 11. hxg3 Be7 12. Bd3 Bxd3 13. Qxd3 h6 14. g4 Nd7 15. g5 c5 16. gxh6 gxh6 17. Rxh6 Rxh6 18. Bxh6 Qb6 19. Qe2 O-O-O 20. Be3 Rh8 21. Kf1 Qb3 22. Kg1 c4 23. Bg5 Bf8 24. a5 Rg8 25. g3 Nb8 26. Kg2 Qb5 27. Qc2 Rh8 28. Bf6 Rh6 29. Ng5 Qe8 30. b4 Nd7 31. Nh7 Be7 32. Bxe7 Qxe7 33. Rh1 Rxh1 34. Kxh1 f5 35. exf6 Nxf6 36. Nxf6 Qxf6 37. Qe2 Kd7 38. Kg2 Qg6 39. g4 Qg7 40. Kg3 Qg6 41. Qf3 Ke7 42. Qf4 Qd3+ 43. Qe3 Qc2 44. g5 Kd7 45. Qf3 Qb1 46. Qf7+ Kd6 47. g6 Qg1+ 48. Kh4 Qh2+ 49. Kg5 Qg2+ 50. Kh6 Qh3+ 51. Kg7 Qh4 52. Qf6 1-0

[Event "Munich Pfingst op-A"]
[Site "Munich GER"]
[Date "2023.06.05"]
[Round "8.14"]
[White "Trost, Edvin"]
[Black "Ivanov, Mike"]
[Result "1-0"]
[WhiteElo "2399"]
[BlackElo "2321"]
[WhiteFideId "-1"]
[WhiteFideId "-1"]
[PlyCount "91"]
[GameId "2130307559577448"]
[EventDate "2023.05.31"]
[EventType "swiss"]
[EventRounds "9"]
[EventCountry "GER"]
[SourceTitle "The Week in Chess 1492"]
[Source "Mark Crowther"]
[SourceDate "2023.06.12"]
[SourceVersion "1"]
[SourceVersionDate "2023.06.12"]
[SourceQuality "2"]

1. Nf3 Nf6 2. g3 d6 3. Bg2 e5 4. O-O c5 5. d3 h6 6. c4 Nc6 7. Nc3 Be7 8. Ne1 Be6 9. Nd5 Qd7 10. Nc2 O-O 11. a3 Bh3 12. Nce3 Bxg2 13. Kxg2 Nd4 14. Nxf6+ Bxf6 15. Nd5 Bd8 16. b4 Bb6 17. Bxh6 f5 18. Be3 Ne6 19. f3 Rae8 20. Rb1 Bd8 21. bxc5 dxc5 22. Qb3 b6 23. a4 Bg5 24. Bxg5 Nxg5 25. a5 e4 26. f4 Ne6 27. dxe4 fxe4 28. axb6 axb6 29. e3 Rb8 30. Qc2 Nc7 31. Rfd1 Nxd5 32. Rxd5 Qg4 33. Rf1 Qg6 34. Rg5 Qf7 35. Rd1 b5 36. cxb5 Rxb5 37. Rd2 Rc8 38. Qxe4 Rb4 39. Qe5 Rbb8 40. Rd6 c4 41. Rdg6 Qb7+ 42. Kh3 Rc7 43. Qe6+ Kf8 44. Rf6+ Rf7 45. Rxf7+ Qxf7 46. Qd6+ 1-0

[Event "Munich Pfingst op-A"]
[Site "Munich GER"]
[Date "2023.06.06"]
[Round "9.21"]
[White "Ivanov, Mike"]
[Black "Senthil, Maran K"]
[Result "1/2-1/2"]
[WhiteElo "2321"]
[BlackElo "2135"]
[WhiteFideId "-1"]
[WhiteFideId "-1"]
[PlyCount "87"]
[GameId "2130307559581560"]
[EventDate "2023.05.31"]
[EventType "swiss"]
[EventRounds "9"]
[EventCountry "GER"]
[SourceTitle "The Week in Chess 1492"]
[Source "Mark Crowther"]
[SourceDate "2023.06.12"]
[SourceVersion "1"]
[SourceVersionDate "2023.06.12"]
[SourceQuality "2"]

1. e4 c6 2. Nf3 d5 3. Nc3 dxe4 4. Nxe4 Nf6 5. Qe2 Nxe4 6. Qxe4 Be6 7. c4 Nd7 8. d4 Nf6 9. Qf4 Qd6 10. Be2 Qxf4 11. Bxf4 Bg4 12. h3 Bxf3 13. Bxf3 e6 14. O-O-O O-O-O 15. g4 Bd6 16. Be3 Nd7 17. Kb1 Nf8 18. d5 exd5 19. cxd5 c5 20. h4 Nd7 21. g5 f5 22. gxf6 Nxf6 23. h5 h6 24. Rhg1 Ne8 25. Rc1 b6 26. b4 Rf8 27. Bg4+ Kc7 28. bxc5 Bxc5 29. Bxc5 bxc5 30. Rxc5+ Kd6 31. Rc2 Rb8+ 32. Ka1 Nf6 33. Bf3 Nxd5 34. Bxd5 Kxd5 35. Rxg7 Rg8 36. Rcc7 Rxg7 37. Rxg7 Kc4 38. Rg6 Rf8 39. Rxh6 Rxf2 40. Rh8 Rh2 41. h6 Kb4 42. Kb1 Ka3 43. Ra8 Rxh6 44. Rxa7+ 1/2-1/2

[Event "Munich Whitsun op"]
[Site "Munich GER"]
[Date "2023.06.05"]
[Round "7.28"]
[White "Ivanov, Mike"]
[Black "Schleicher, Guido"]
[Result "1-0"]
[WhiteElo "2321"]
[BlackElo "2165"]
[WhiteFideId "-1"]
[WhiteFideId "-1"]
[PlyCount "83"]
[GameId "2130307559585775"]
[EventDate "2023.05.31"]
[EventType "swiss"]
[EventRounds "9"]
[EventCountry "GER"]
[SourceTitle "10 Days #725"]
[Source "ChessMix"]
[SourceDate "2023.06.10"]
[SourceVersion "1"]
[SourceVersionDate "2023.06.10"]
[SourceQuality "1"]

1. e4 c6 2. Nf3 d5 3. Nc3 Bg4 4. d4 dxe4 5. Nxe4 Nf6 6. Nxf6+ exf6 7. Be3 Bd6 8. Bd3 Na6 9. h3 Bh5 10. g4 Bg6 11. Nh4 Nb4 12. Nf5 Nxd3+ 13. Qxd3 Qa5+ 14. Bd2 Qd5 15. O-O-O Qxa2 16. Rhe1+ Kd7 17. c4 Rhe8 18. Be3 Rad8 19. Kc2 Qa4+ 20. Kb1 Kc8 21. Re2 Kb8 22. b3 Qa5 23. d5 c5 24. f4 Qc7 25. Rde1 Re7 26. Kb2 Bxf5 27. Qxf5 Rde8 28. Qd3 g5 29. fxg5 Be5+ 30. Kc2 Bg3 31. gxf6 Re4 32. Bf2 Rxe2+ 33. Rxe2 Rxe2+ 34. Qxe2 Be5 35. Bxc5 b6 36. Be7 Kb7 37. d6 Bxd6 38. Bxd6 Qxd6 39. Qe7+ Qc7 40. b4 Kc8 41. Qxc7+ Kxc7 42. g5 1-0

[Event "Third Saturday IM 2023.05"]
[Site "Djenovici MNE"]
[Date "2023.05.20"]
[Round "1.4"]
[White "Thorsteinsson, Thorsteinn"]
[Black "Ivanov, Mike"]
[Result "1/2-1/2"]
[WhiteElo "2218"]
[BlackElo "2321"]
[WhiteFideId "-1"]
[WhiteFideId "-1"]
[PlyCount "61"]
[GameId "2130307560055222"]
[EventDate "2023.05.20"]
[EventType "tourn"]
[EventRounds "9"]
[EventCountry "YUG"]
[EventCategory "1"]
[SourceTitle "10 Days #724"]
[Source "ChessMix"]
[SourceDate "2023.06.01"]
[SourceVersion "1"]
[SourceVersionDate "2023.06.01"]
[SourceQuality "1"]

1. c4 e5 2. g3 Nc6 3. Bg2 Bc5 4. Nc3 a6 5. Nf3 d6 6. e3 Bg4 7. h3 Bh5 8. a3 f5 9. b4 Ba7 10. d3 Nf6 11. Qb3 Qd7 12. Nd2 f4 13. g4 fxe3 14. fxe3 Bg6 15. Nde4 Nxe4 16. Nxe4 O-O 17. Bd2 Kh8 18. Ke2 Nd8 19. Raf1 Ne6 20. Rxf8+ Rxf8 21. Rf1 Rd8 22. Ng3 c6 23. Bc3 Qe7 24. Nf5 Bxf5 25. Rxf5 Nd4+ 26. Bxd4 exd4 27. e4 Qe6 28. Qc2 Re8 29. Kf1 g6 30. Rf2 Bb6 31. Qe2 1/2-1/2